000 00469nam a22001937a 4500
003 MPLRDC
005 20220104113727.0
008 210129b ||||| |||| 00| 0 eng d
020 _a957-583-318-X
082 _a857.621 NK-17 v.44
100 _a倪匡
245 _a猎头禁地
_c
250 _a修订版
260 _a
_b金兰文化出版社
_c1992
300 _b
490 _a木兰花传奇. 44
650 _a科幻小说
942 _cBK
_o857.621 NK-17 v.44
999 _c1886
_d1876